000 00290nam a2200109Ia 4500
008 220204s9999 xx 000 0 und d
082 _a301
_bTHA
100 _aThapar, Romesh
245 0 _aWaste and the want: Thoughts on the future
260 _aNew Delhi
_bOrient Longman
_c1978
942 _cBK
999 _c28075
_d28075